000 00771nam a2200253Ia 4500
003 OSt
005 20220925230713.0
006 a|||||r|||| 00| 0
007 ta
008 220923b |||||||| |||| 00| 0 eng d
020 _a0862324858
037 _cGeneral Book
040 _aRTL
_cRTL
_beng
041 _2eng
_aeng
082 _aY9(L9F:31).2.N8, M9
100 _aJeffery Patricia, and others
_9294179
245 0 _aLabour pains and labour power
_b Women and childbearing in India
260 _aLondon
_bZed Books Ltd
_c1989
300 _axi,292p
_ccm.
500 _aBibliography: p 274-284
650 _aSociology of Medicine
942 _hY9(L9F:31).2.N8, M9
_cGB
_2CC
999 _c586387
_d586387